000 00517nam a2200205Ia 4500
003 0100
008 130227s9999 xx 000 0 und d
040 _cARRUPELIB
050 _aBR1447.M938
100 _aMoyo, Ambrose
_928482
245 _aZimbabwe
245 _bthe risk of incarnation
260 _aGeneva
260 _bWCC Publications
300 _a49p.
300 _b 23 cm
440 _aGospel and culture pamphlets; 8
_928483
650 _bChristianity
_zZimbabwe
_919410
942 _2lcc
_02
_cMONOGRAPH
999 _c1561
_d1561